| Поле | Инд. | ПП | Название | Значение |
|---|---|---|---|---|
| Тип записи | a | |||
| Библиографический уровень | m | |||
| 001 | Контрольный номер | 05fb5259-9a67-4c81-8ae4-710f9dc71129 | ||
| 005 | Дата корректировки | 20140226193752.5 | ||
| 008 | Кодируемые данные | 981211 d | ||
| 020 | a | ISBN | 5-02-015222-6 | |
| c | Цена, тираж | 20.00 | ||
| 040 | a | Служба первич. каталог. | НБ ТвГУ | |
| 041 | a | Код языка текста | rus | |
| 080 | a | Индекс УДК | 519.23/.24 | |
| 084 | a | Индекс другой классификации/Индекс ББК | В172 | |
| 090 | c | Каталожный индекс | В172 | |
| x | Авторский знак | Б79 | ||
| a | Полочн. индекс | В172 | ||
| 100 | 1_ | a | Автор | Болдин Михаил Васильевич |
| 245 | 0_ | a | Заглавие | Знаковый статистический анализ линейных моделей |
| c | Ответственность | М.В. Болдин, Г.И. Симонова, Ю.Н. Тюрин | ||
| 260 | 0_ | a | Место издания | Москва |
| b | Издательство | Наука : Физматлит | ||
| c | Дата издания | 1997 | ||
| 300 | a | Объем | 285 с. | |
| b | Иллюстрации/ тип воспроизводства | ил. | ||
| 440 | a | Серия | Теория вероятностей и мат. статистика : ТВМС | |
| 500 | a | Примечание | Библиогр.: с.281-285. | |
| 583 | a | Действие | Получение впервые 123 13.02.98 | |
| k | Исполнитель действия | Дар РГГУ | ||
| 650 | a | Основная рубрика | Знаковый статистический анализ | |
| 650 | a | Основная рубрика | Математическая статистика | |
| 653 | a | Ключевые слова | Математическая статистика | |
| a | Ключевые слова | Знаковый статистический анализ | ||
| a | Ключевые слова | Знаковый анализ | ||
| a | Ключевые слова | Временные ряды | ||
| a | Ключевые слова | Независимые наблюдения | ||
| 700 | 1_ | a | Другие авторы | Симонова Галина Ивановна |
| 700 | 1_ | a | Другие авторы | Тюрин Юрий Николаевич |
| 852 | t | Порядковый номер экземпляра | 1 | |
| p | Инвентарный номер | 693076 | ||
| 888 | a | Бесплатные | ||
| 952 | p | 123.98 20.00 1 693076 | ||
| c | Вид литературы | К рн | ||
| 954 | a | Дата поступления на обработку | 16.02.98 | |
| 999 | a | Подразделение 2 | Фил3 |